Nanopaints : characterization, formulation, and emerging applications /

Bibliographic Details
Corporate Author: ScienceDirect (Online service)
Other Authors: Sharma, Bhasha (Editor), Chaudhary, Vijay (Editor), Thapliyal, Prakash Chander (Editor), Mannari, Vijay (Editor)
Format: eBook
Language:English
Published: Amsterdam : Elsevier, 2025.
Series:Micro and nano technologies series
Subjects:
Online Access:Connect to the full text of this electronic book

MARC

Tag First Indicator Second Indicator Subfields
LEADER 00000cam a22000008i 4500
001 in00005774802
005 20260327190421.4
006 m o d
007 cr |||||||||||
008 250311s2025 ne o 000 0 eng d
040 |a UKMGB  |b eng  |e rda  |e pn  |c UKMGB  |d OCLCO  |d YDX  |d OPELS  |d UKAHL  |d N$T 
015 |a GBC526664  |2 bnb 
016 7 |a 300529132  |2 Uk 
020 |a 0443265135  |q ePub ebook 
020 |a 9780443265136  |q (electronic bk.) 
020 |z 9780443265129 
024 8 |a CIPO000210230 
035 |a (OCoLC)1518003697 
050 4 |a TP936 
082 0 4 |a 667.6  |2 23 
049 |a TXAM 
245 0 0 |a Nanopaints :  |b characterization, formulation, and emerging applications /  |c edited by Bhasha Sharma, Vijay Chaudhary, Prakash Chander Thapliyal, Vijay Mannari. 
264 1 |a Amsterdam :  |b Elsevier,  |c 2025. 
300 |a 1 online resource (650 pages). 
336 |a text  |b txt  |2 rdacontent 
337 |a computer  |b c  |2 rdamedia 
338 |a online resource  |b cr  |2 rdacarrier 
490 0 |a Micro and nano technologies series 
588 |a Description based on CIP data; resource not viewed. 
650 0 |a Paint. 
650 0 |a Nanostructured materials. 
650 0 |a Natural products. 
650 6 |a Peinture (Produit chimique) 
650 6 |a Nanomatériaux. 
650 6 |a Produits naturels. 
650 7 |a paint (coating)  |2 aat 
655 7 |a Electronic books.  |2 local 
700 1 |a Sharma, Bhasha,  |e editor. 
700 1 |a Chaudhary, Vijay,  |e editor. 
700 1 |a Thapliyal, Prakash Chander,  |e editor. 
700 1 |a Mannari, Vijay,  |e editor. 
710 2 |a ScienceDirect (Online service) 
776 0 8 |i Print version:  |z 9780443265129 
856 4 0 |u http://proxy.library.tamu.edu/login?url=https://www.sciencedirect.com/science/book/9780443265129  |z Connect to the full text of this electronic book  |t 0 
955 |a Elsevier ScienceDirect 2026-2027 
955 |a Knovel ebooks 
994 |a 92  |b TXA 
999 f f |i 91698260-c80e-455b-9944-cbf7efbf8d8b  |s 4c8bfec1-a515-4b7a-831d-cb4439cf2499  |t 0 
952 f f |a Texas A&M University  |b College Station  |c Electronic Resources  |s www_evans  |d Available Online  |t 0  |e TP936   |h Library of Congress classification 
998 f f |a TP936   |t 0  |l Available Online